000
00331nam a22001457a 4500
008
210311b ||||| |||| 00| 0 eng d
020
_a
0316690473
041
_a
eng
080
_a
617
082
_a
617
100
_a
5
101
_a
KIR
245
_a
Manual of Medical Care of the Surgical Patient
_c
Papper, S
942
_2
udc
_c
BK
999
_c
56398
_d
56398